000 00645nam a22002297a 4500
003 UA-OsUOA
001 50470
007 ta
008 20071119b un ||||| |||| 00| 0 ukr d
100 _aБубенко П.
700 _aГесєв В.
090 _a330(477)
_bБ-12
942 _cSA
040 _aUA-OsUOA
_bukr
_cUA-OsUOA
_dUA-OsUOA
245 _aКлючові моменти формування регіональних інноваційних систем в Україні
300 _aС.33-39
955 _a0
041 _aukr
080 _a330(477)
773 0 _w50467
650 7 _a330 Економіка взагалі
_2UDC
999 _c336563
_d336563